| 000 | 00372nam a2200133 a 4500 | ||
|---|---|---|---|
| 008 | 110217s2003|||| d | ||
| 245 | 1 | 0 |
_aHlas duše _bNejznámější výklady nejslavnějšího amerického senzibila |
| 100 | 1 | _aCayce, Edgar | |
| 700 | 1 | _aThurson, M. A. | |
| 260 |
_bEko-konzult _aBratislava _c2003 |
||
| 020 | _c99,42 | ||
| 044 |
_axo _cSK |
||
| 041 | _aslo | ||
| 999 |
_c17493 _d17493 |
||